Sborník resumé absolventských prací vzdělávacího programu Diplomovaný zdravotnický záchranář /
| Hlavní autor: | Mauritzová, Ilona, 1959- |
|---|---|
| Korporativní autor: | Vyšší odborná škola zdravotnická Dr. Ilony Mauritzové (Plzeň, Česko) |
| Jazyk: | Němčina Čeština Angličtina |
| Vydáno: |
Plzeň : Maurea, 2010 |
| Témata: | |
| Externí odkaz: |
Digitalizovaný dokument
|
| Fyzický popis: |
64 s. ; 21 cm |
| Language note: |
Část. souběžný anglický a německý text |
| LEADER | 02029nam a2200493 a 4500 | ||
|---|---|---|---|
| 001 | nkc20102105712 | ||
| 003 | CZ PrNK | ||
| 005 | 20100622175546.0 | ||
| 007 | ta | ||
| 008 | 100510s2010 xr e 000 0 cze | ||
| 015 | |a cnb002105712 | ||
| 020 | |a 978-80-902876-2-4 |q (brož.) | ||
| 035 | |a (OCoLC)649802254 | ||
| 040 | |a OLA001 |b cze |d ABA001 | ||
| 041 | 1 | |a cze |a eng |a ger |h cze | |
| 072 | 7 | |a 616 |x Patologie. Klinická medicína |2 Konspekt |9 14 | |
| 080 | |a 614.88 |2 MRF | ||
| 080 | |a 616-083.98 |2 MRF | ||
| 080 | |a (062.552) |2 MRF | ||
| 080 | |a (048.2) |2 MRF | ||
| 100 | 1 | |a Mauritzová, Ilona, |d 1959- |7 xx0097423 |4 aut | |
| 245 | 1 | 0 | |a Sborník resumé absolventských prací vzdělávacího programu Diplomovaný zdravotnický záchranář / |c Ilona Mauritzová |
| 246 | 3 | 0 | |a Diplomovaný zdravotnický záchranář |
| 246 | 1 | 7 | |a Recenzovaný sborník resumé absolventských prací vzdělávacího programu Diplomovaný zdravotnický záchranář |
| 260 | |a Plzeň : |b Maurea, |c 2010 | ||
| 300 | |a 64 s. ; |c 21 cm | ||
| 500 | |a Název z obálky | ||
| 500 | |a Na obálce nad názvem: Vyšší odborná škola zdravotnická Dr. Ilony Mauritzové | ||
| 546 | |a Část. souběžný anglický a německý text | ||
| 650 | 0 | 7 | |a záchranářství |7 ph117279 |2 czenas |
| 650 | 0 | 7 | |a přednemocniční neodkladná péče |7 ph195807 |2 czenas |
| 650 | 0 | 9 | |a emergency medical services |2 eczenas |
| 650 | 0 | 9 | |a immediate prehospital care |2 eczenas |
| 655 | 7 | |a sborníky |7 fd724344 |2 czenas | |
| 655 | 7 | |a anotace |7 fd131816 |2 czenas | |
| 655 | 9 | |a papers |2 eczenas | |
| 655 | 9 | |a annotations |2 eczenas | |
| 710 | 2 | |a Vyšší odborná škola zdravotnická Dr. Ilony Mauritzové (Plzeň, Česko) |7 olak2010523209 | |
| 856 | 4 | 1 | |u http://www.digitalniknihovna.cz/mzk/uuid/uuid:9992a310-3f7f-11e7-a34b-005056827e51 |y Digitalizovaný dokument |x NDK |
| 910 | 2 | |a BOA001 |b 2-1243.883 | |
| 990 | |a BK | ||
| 995 | |a 01 | ||
| 991 | |b 201006 |c NOV | ||
| 996 | 6 | |b 2610438304 |c 2-1243.883 |l MZK |r Sklad / do 1 hodiny |n 1 |p p.v. |w 001124337 |u 000010 |a 1 |e BOA001 |j MZK50 |s P | |
English
Čeština 